000 00859nam a22002055i 4500
001 166936
003 ES-MaACL
005 20250716063324.0
008 990910s1880 sp |||| | spa d
100 1 _aVallecillo, Antonio,
_d1807-1880
_eaut
_9133518
245 1 0 _aApología de Villamartín /
_cpor Antonio Vallecillo ; con un prólogo y varias notas de Luis Vidart.
260 _aMadrid :
_b[s.n.],
_c1880
_f(Imp. a cargo de A. López y P. Ballester)
300 _a101 páginas ;
_c16 cm.
600 1 4 _aVillamartín, Francisco,
_d1833-1872
_9173138
700 1 _aVidart, Luis,
_d1833-1897
_eaui
_9114538
852 _aES-MaACL
_cDEPOF
_gDedicatoria autógrafa de Luis Vidart
_hDonativo de Luis Vidart
_jT-410-F-2
_xEnc. en un vol. facticio
_xHolandesa
942 _2udc
_cFOLLETOS
_n0
999 _c166936
_d166936